Estatísticas para Os 15 principais países afetados pela Covid-19 - 14 dezembro

Clique aqui para jogar o quiz

Estatísticas Gerais

  • Esse quiz foi jogado 6 vezes
  • A pontuação média é 15 de 27

Estatísticas das Respostas

país% Correto
Brasil
100%
Colômbia
100%
Espanha
100%
Estados Unidos
100%
França
100%
Índia
100%
Itália
100%
México
100%
Reino Unido
100%
Rússia
100%
Argentina
83%
Bahrein
50%
Irão
50%
Polônia
50%
Alemanha
33%
Bélgica
33%
Catar
33%
Chéquia
33%
Países Baixos
33%
Turquia
33%
Armênia
17%
Croácia
17%
Eslovénia
17%
Geórgia
17%
Panamá
17%
Suíça
17%
Israel
0%

Distribuição das Pontuações

Percentil de Números Respondidos

Porcentagem de Pessoas com Cada Pontuação

Sua Pontuação Histórica

Você não jogou esse quiz